[Event "HUN-chT U18"]
[Site "Hajduboszormeny"]
[Date "2016.11.04"]
[Round "5.18"]
[White "Juhasz, Agoston Botond"]
[Black "Nemeth, Noemi Anna"]
[Result "1-0"]
[WhiteElo "1840"]
[BlackElo "1749"]
[PlyCount "53"]
[EventDate "2016.11.02"]
[EventType "team-swiss"]
[EventRounds "8"]
[EventCountry "HUN"]
[SourceTitle "CBM 175 Extra"]
[Source "ChessBase"]
[SourceDate "2016.12.12"]
[SourceVersion "1"]
[SourceVersionDate "2016.12.12"]
[SourceQuality "1"]

1. e4 e5 2. Nf3 Nc6 3. Nc3 Bc5 4. Nxe5 Nxe5 5. d4 Bd6 6. dxe5 Bxe5 7. Bd3 Nf6 8. Bg5 h6 9. Bh4 d6 10. Qd2 Be6 11. f4 Bxc3 12. Qxc3 Nxe4 13. Bxd8 Nxc3 14. Bxc7 Nd5 15. Bxd6 Kd7 16. Be5 f6 17. f5 fxe5 18. fxe6+ Kxe6 19. Bc4 Rac8 20. Bb3 Rhd8 21. 0-0-0 e4 22. Rd4 Ke5 23. Rhd1 Rc5 24. c4 b5 25. Rxd5+ Rdxd5 26. Rxd5+ Rxd5 27. cxd5 1-0

[Event "HUN-chT U18"]
[Site "Hajduboszormeny"]
[Date "2016.11.03"]
[Round "2.30"]
[White "Nemeth, Noemi Anna"]
[Black "Miseta, Nora"]
[Result "0-1"]
[WhiteElo "1777"]
[BlackElo "1747"]
[PlyCount "60"]
[EventDate "2016.11.02"]
[EventType "team-swiss"]
[EventRounds "8"]
[EventCountry "HUN"]
[SourceTitle "CBM 175 Extra"]
[Source "ChessBase"]
[SourceDate "2016.12.12"]
[SourceVersion "1"]
[SourceVersionDate "2016.12.12"]
[SourceQuality "1"]

1. d4 d5 2. c4 e6 3. Nc3 Nf6 4. Bg5 Be7 5. Nf3 0-0 6. e3 h6 7. Bh4 b6 8. Qc2 Bb7 9. Bd3 Nbd7 10. Rg1 c5 11. 0-0-0 Rc8 12. cxd5 Nxd5 13. Bxe7 Qxe7 14. Nxd5 exd5 15. Kb1 cxd4 16. Qa4 dxe3 17. Rge1 Nc5 18. Qa3 Qc7 19. Bf5 exf2 20. Rf1 Ra8 21. Rxf2 Ne4 22. Rc2 Qf4 23. Bd7 Rfd8 24. Ba4 Rac8 25. Qe7 Nc5 26. Bb5 a6 27. Be2 Re8 28. Qh4 Qxh4 29. Nxh4 d4 30. Ka1 d3 0-1

[Event "EU-ch U16 Girls 26th"]
[Site "Prague"]
[Date "2016.08.24"]
[Round "6"]
[White "Nemeth, Noemi Anna"]
[Black "Grigoryan, Arpine"]
[Result "0-1"]
[WhiteElo "1690"]
[BlackElo "1964"]
[PlyCount "70"]
[EventDate "2016.08.18"]
[EventType "swiss"]
[EventRounds "9"]
[EventCountry "CZE"]
[SourceTitle "CBM 174 Extra"]
[Source "ChessBase"]
[SourceDate "2016.10.10"]
[SourceVersion "1"]
[SourceVersionDate "2016.10.10"]
[SourceQuality "1"]

1. d4 Nf6 2. c4 e6 3. Nc3 Bb4 4. Bd2 0-0 5. Qc2 b6 6. e4 d5 7. e5 Bxc3 8. bxc3 Ne4 9. Be3 f5 10. h4 f4 11. Bc1 h6 12. Bd3 Bb7 13. Qd1 dxc4 14. Bxc4 Nxc3 15. Bxe6+ Kh8 16. Qd3 Ne4 17. Ne2 Nc5 18. Qg6 Be4 19. Qg4 Nd3+ 20. Kf1 Nxe5 21. Qh5 Nbc6 22. Bxf4 Bg6 23. Qg5 hxg5 24. hxg5+ Bh7 25. dxe5 Rxf4 26. Nxf4 Qxg5 27. g3 Nxe5 28. Rh5 Qf6 29. Kg2 g6 30. Rh6 Ng4 31. Rhh1 Nxf2 32. Kxf2 g5 33. Bd5 Re8 34. Rac1 gxf4 35. g4 Qd4+ 0-1

[Event "EU-ch U16 Girls 26th"]
[Site "Prague"]
[Date "2016.08.21"]
[Round "4"]
[White "Nemeth, Noemi Anna"]
[Black "Yurovskikh, Yasmin"]
[Result "1-0"]
[WhiteElo "1690"]
[BlackElo "1842"]
[PlyCount "111"]
[EventDate "2016.08.18"]
[EventType "swiss"]
[EventRounds "9"]
[EventCountry "CZE"]
[SourceTitle "CBM 174 Extra"]
[Source "ChessBase"]
[SourceDate "2016.10.10"]
[SourceVersion "1"]
[SourceVersionDate "2016.10.10"]
[SourceQuality "1"]

1. d4 d5 2. c4 c6 3. Nc3 e5 4. cxd5 cxd5 5. dxe5 d4 6. Ne4 Qa5+ 7. Nd2 Nc6 8. Ngf3 Bg4 9. Qb3 0-0-0 10. g3 d3 11. Bg2 dxe2 12. Qc4 Bxf3 13. Bxf3 Bb4 14. Bxc6 Bxd2+ 15. Kxe2 bxc6 16. Rd1 Bxc1 17. Qxc6+ Kb8 18. Rxd8+ Qxd8 19. Qb5+ Qb6 20. Qe8+ Kb7 21. Qxf7+ Qc7 22. Qxc7+ Kxc7 23. Rxc1+ Kd7 24. Rd1+ Kc7 25. Rc1+ Kb8 26. Rd1 Ne7 27. Rd7 Re8 28. f4 h5 29. h3 g6 30. Kf3 a5 31. g4 Kc8 32. Ra7 Nc6 33. Rg7 hxg4+ 34. hxg4 Ne7 35. Ke4 Kd8 36. f5 gxf5+ 37. gxf5 Nc6 38. e6 Re7 39. Rg8+ Kc7 40. a3 Kd6 41. Rg1 Nd8 42. Rd1+ Kc7 43. Kd4 Nc6+ 44. Kd5 Re8 45. Ke4 Re7 46. Kf4 Nd8 47. Kg5 Nc6 48. Kg6 a4 49. Re1 Kd6 50. Re4 Nd8 51. Rxa4 Nc6 52. Re4 Kd5 53. Re1 Nd4 54. b4 Kc4 55. Kf6 Nc6 56. Rc1+ 1-0

[Event "HUN-ch U16 Girls"]
[Site "Balatonlelle"]
[Date "2016.06.24"]
[Round "1"]
[White "Kurcsics, Erika"]
[Black "Nemeth, Noemi Anna"]
[Result "1-0"]
[WhiteElo "1929"]
[BlackElo "1727"]
[PlyCount "41"]
[EventDate "2016.06.24"]
[EventType "tourn"]
[EventRounds "7"]
[EventCountry "HUN"]
[SourceTitle "CBM 173 Extra"]
[Source "ChessBase"]
[SourceDate "2016.08.29"]
[SourceVersion "1"]
[SourceVersionDate "2016.08.29"]
[SourceQuality "1"]

1. c4 e5 2. Nc3 Nf6 3. g3 Bc5 4. Bg2 c6 5. e3 d5 6. cxd5 Nxd5 7. Nxd5 cxd5 8. d4 exd4 9. exd4 Bb6 10. Ne2 Bg4 11. h3 Be6 12. Nf4 0-0 13. 0-0 Nc6 14. Be3 Rc8 15. Nxe6 fxe6 16. Qg4 Qf6 17. Rad1 Ne7 18. Bg5 Qf7 19. Bxe7 Qxe7 20. Rfe1 Rf5 21. Qxf5 1-0

[Event "HUN-chT2 Charousek 1516"]
[Site "Hungary"]
[Date "2016.04.03"]
[Round "8.11"]
[White "Nemeth, Noemi Anna"]
[Black "Haselbach, David"]
[Result "0-1"]
[WhiteElo "1803"]
[BlackElo "2054"]
[PlyCount "68"]
[EventDate "2015.10.18"]
[EventType "team-tourn"]
[EventRounds "9"]
[EventCountry "HUN"]
[SourceTitle "EXT 2017"]
[Source "ChessBase"]
[SourceDate "2016.10.25"]
[SourceVersion "1"]
[SourceVersionDate "2016.10.25"]
[SourceQuality "1"]
[WhiteTeam "Paks ASE II"]
[BlackTeam "Aquaprofit II"]
[WhiteTeamCountry "HUN"]
[BlackTeamCountry "HUN"]

1. d4 Nf6 2. c4 g6 3. Nc3 Bg7 4. e4 d6 5. Be2 0-0 6. Be3 e5 7. Nf3 Nbd7 8. 0-0 h6 9. d5 Ne8 10. Nd2 f5 11. f3 f4 12. Bf2 Rf7 13. b4 g5 14. c5 Ndf6 15. Nc4 Bf8 16. Nb5 Rg7 17. cxd6 Bxd6 18. Rc1 g4 19. Bxa7 b6 20. Bxb6 cxb6 21. Ncxd6 Nxd6 22. Nxd6 Qxd6 23. Rc6 Qd8 24. Qa1 gxf3 25. Bxf3 Ng4 26. Rfc1 Bd7 27. Rc7 Qh4 28. Bxg4 Qxg4 29. Qb2 f3 30. Re1 Qxg2+ 31. Qxg2 Rxg2+ 32. Kh1 Raxa2 33. Rg1 Bh3 34. Rc6 Rxg1+ 0-1

[Event "HUN-ch U16 Girls"]
[Site "Balatonlelle"]
[Date "2015.06.23"]
[Round "6"]
[White "Nemeth, Noemi Anna"]
[Black "Szuhai, Beata Barbara"]
[Result "1-0"]
[WhiteElo "1790"]
[BlackElo "1823"]
[PlyCount "65"]
[EventDate "2015.06.18"]
[EventType "tourn"]
[EventRounds "7"]
[EventCountry "HUN"]
[SourceTitle "CBM 167 Extra"]
[Source "ChessBase"]
[SourceDate "2015.09.14"]
[SourceVersion "1"]
[SourceVersionDate "2015.09.14"]
[SourceQuality "1"]

1. d4 d5 2. c4 c6 3. Nc3 Nf6 4. Nf3 e6 5. e3 Nbd7 6. Qc2 Be7 7. b3 b6 8. Bd3 Bb7 9. 0-0 Rc8 10. Bb2 Qc7 11. Rac1 c5 12. h3 h5 13. Ne2 cxd4 14. Nexd4 e5 15. Nb5 Qb8 16. Be2 dxc4 17. Bxc4 Bxf3 18. gxf3 a6 19. Nc7+ Rxc7 20. Bxf7+ Kd8 21. Qf5 Rxc1 22. Rxc1 Qd6 23. Qc2 Qb8 24. Rd1 Bd6 25. Qf5 Rf8 26. Qe6 Bc7 27. Ba3 Rh8 28. Be7+ Kc8 29. Bxf6 gxf6 30. Qxd7+ Kb7 31. Rc1 Qc8 32. Bd5+ Kb8 33. Qc6 1-0

[Event "HUN-chT2 Asztalos 1415"]
[Site "Hungary"]
[Date "2015.04.26"]
[Round "9"]
[White "Nemeth, Noemi Anna"]
[Black "Kondakor, Mark"]
[Result "1-0"]
[WhiteElo "1544"]
[BlackElo "1524"]
[PlyCount "77"]
[EventDate "2014.10.12"]
[EventType "team-tourn"]
[EventRounds "9"]
[EventCountry "HUN"]
[SourceTitle "EXT 2016"]
[Source "ChessBase"]
[SourceDate "2015.10.08"]
[SourceVersion "1"]
[SourceVersionDate "2015.10.08"]
[SourceQuality "1"]
[WhiteTeam "Decs II"]
[BlackTeam "Nagyatad"]
[WhiteTeamCountry "HUN"]
[BlackTeamCountry "HUN"]

1. d4 Nf6 2. c4 c5 3. d5 b5 4. cxb5 a6 5. e3 e6 6. Nc3 exd5 7. Nxd5 Bb7 8. Nc3 Be7 9. Nf3 0-0 10. Bd3 d5 11. 0-0 d4 12. exd4 axb5 13. Bxb5 cxd4 14. Nxd4 Nd5 15. Nf5 Nxc3 16. Qxd8 Bxd8 17. bxc3 Bf6 18. Nd4 Bxd4 19. cxd4 Ba6 20. Bxa6 Rxa6 21. Bf4 Nc6 22. Rfd1 Rd8 23. d5 Nb4 24. d6 Rd7 25. Rab1 Nc6 26. Rb2 h6 27. h4 Ra4 28. g3 f6 29. Rc1 Ne5 30. Rc8+ Kf7 31. Bxe5 fxe5 32. Rc7 Ra7 33. Rbc2 Ke6 34. Rxd7 Kxd7 35. Rc7+ Rxc7 36. dxc7 Kxc7 37. Kf1 Kc6 38. Ke2 Kc5 39. Ke3 1-0

[Event "HUN-chT2 Asztalos 1415"]
[Site "Hungary"]
[Date "2015.03.01"]
[Round "7"]
[White "Nemeth, Noemi Anna"]
[Black "Radnai, Balint"]
[Result "1-0"]
[WhiteElo "1544"]
[BlackElo "1401"]
[PlyCount "79"]
[EventDate "2014.10.12"]
[EventType "team-tourn"]
[EventRounds "9"]
[EventCountry "HUN"]
[SourceTitle "EXT 2016"]
[Source "ChessBase"]
[SourceDate "2015.10.08"]
[SourceVersion "1"]
[SourceVersionDate "2015.10.08"]
[SourceQuality "1"]
[WhiteTeam "Decs II"]
[BlackTeam "Peti MTE"]
[WhiteTeamCountry "HUN"]
[BlackTeamCountry "HUN"]

1. d4 d5 2. c4 e6 3. Nc3 Nf6 4. Nf3 Bb4 5. a3 Bxc3+ 6. bxc3 0-0 7. cxd5 exd5 8. Bg5 Qd6 9. Qb3 Nc6 10. Bxf6 Qxf6 11. Qxd5 Rd8 12. Qg5 Qe6 13. Nd2 Ne7 14. e4 h6 15. Qf4 c6 16. Be2 b5 17. 0-0 f5 18. f3 c5 19. Bxb5 g5 20. Qc7 Qd6 21. Qxd6 Rxd6 22. d5 Rb8 23. c4 Ng6 24. Nb3 Ba6 25. Bxa6 Rxb3 26. Bb5 f4 27. Ba4 Rc3 28. Rfc1 Rxc1+ 29. Rxc1 Ra6 30. Bb5 Rxa3 31. d6 Rd3 32. Ra1 Rxd6 33. Rxa7 Rd1+ 34. Kf2 Rd2+ 35. Kf1 Nh4 36. e5 Nf5 37. e6 Rc2 38. e7 Nxe7 39. Rxe7 Rd2 40. Rc7 1-0

[Event "HUN-chT2 Asztalos 1415"]
[Site "Hungary"]
[Date "2015.02.08"]
[Round "6"]
[White "Mezei, Szilard"]
[Black "Nemeth, Noemi Anna"]
[Result "1-0"]
[WhiteElo "1661"]
[BlackElo "1544"]
[PlyCount "83"]
[EventDate "2014.10.12"]
[EventType "team-tourn"]
[EventRounds "9"]
[EventCountry "HUN"]
[SourceTitle "EXT 2016"]
[Source "ChessBase"]
[SourceDate "2015.10.08"]
[SourceVersion "1"]
[SourceVersionDate "2015.10.08"]
[SourceQuality "1"]
[WhiteTeam "Dunaujvaros"]
[BlackTeam "Decs II"]
[WhiteTeamCountry "HUN"]
[BlackTeamCountry "HUN"]

1. e4 e5 2. Nf3 Nc6 3. Bb5 a6 4. Ba4 Nf6 5. 0-0 Be7 6. Re1 d6 7. h3 b5 8. Bb3 Na5 9. d4 Nxb3 10. axb3 exd4 11. e5 dxe5 12. Nxe5 Qd6 13. Qf3 Qd5 14. Nc6 Be6 15. Qxd5 Nxd5 16. Nxd4 Bd7 17. Nc3 Nb4 18. Ncxb5 Kd8 19. Nxc7 Rc8 20. Bf4 Bc5 21. Nxa6 Nxa6 22. Rxa6 Bxd4 23. Rd1 Bxf2+ 24. Kxf2 Rxc2+ 25. Kg1 Re8 26. Ra8+ Ke7 27. Ra7 Rd8 28. Bc7 Rc8 29. Ba5 Rxb2 30. Rdxd7+ Ke6 31. Re7+ Kd5 32. Rad7+ Kc6 33. Rc7+ Rxc7 34. Rxc7+ Kb5 35. Bc3 Rc2 36. Be5 Rxc7 37. Bxc7 Kb4 38. Kf2 Kxb3 39. Ke3 Kc4 40. Ke4 Kc5 41. Be5 f6 42. Bxf6 1-0

[Event "HUN-ch U14 Girls"]
[Site "Balatonlelle"]
[Date "2014.06.27"]
[Round "6"]
[White "Nemeth, Noemi Anna"]
[Black "Szucs, Edina"]
[Result "1-0"]
[WhiteElo "1442"]
[BlackElo "1558"]
[PlyCount "117"]
[EventDate "2014.06.20"]
[EventType "tourn"]
[EventRounds "7"]
[EventCountry "HUN"]
[SourceTitle "EXT 2024"]
[Source "ChessBase"]
[SourceDate "2023.10.10"]
[SourceVersion "1"]
[SourceVersionDate "2023.10.10"]
[SourceQuality "1"]

1. d4 Nf6 2. c4 g6 3. Nc3 d5 4. cxd5 Nxd5 5. Bd2 Nf6 6. Nf3 Bg7 7. e4 0-0 8. h3 b6 9. Qc2 Bb7 10. Bc4 e6 11. 0-0 Nc6 12. Be3 Qe7 13. Rfd1 Nb4 14. Qb1 Rfd8 15. a3 Nc6 16. Qc2 Rac8 17. Rac1 Na5 18. Ba2 Ba6 19. b4 Nc4 20. Bg5 h6 21. Bh4 g5 22. Bg3 Nh5 23. Bh2 Nd6 24. Qd2 Nb5 25. Nxb5 Bxb5 26. e5 Bh8 27. Qc2 c5 28. bxc5 bxc5 29. Qb3 Be8 30. g4 Ng7 31. d5 exd5 32. Rxd5 Rxd5 33. Qxd5 Ne6 34. Qd6 Qc7 35. Bxe6 Qxd6 36. Bxf7+ Kxf7 37. exd6 Ke6 38. Re1+ Kd7 39. Re7+ Kc6 40. Rxa7 Bb2 41. Nd2 Bd7 42. Nc4 Be6 43. Nxb2 c4 44. Nxc4 Bxc4 45. Rc7+ Rxc7 46. dxc7 Be6 47. Kg2 Kd5 48. Kf3 Kd4 49. a4 Bc8 50. a5 Bb7+ 51. Ke2 Ba6+ 52. Kd2 Bc8 53. Bd6 Ke4 54. Bf8 Kf4 55. Bxh6 Bb7 56. Kc3 Ba6 57. Kb4 Bc8 58. Kb5 Bb7 59. a6 1-0

[Event "HUN-ch U14 Girls"]
[Site "Balatonlelle"]
[Date "2014.06.26"]
[Round "5"]
[White "Kurcsics, Erika"]
[Black "Nemeth, Noemi Anna"]
[Result "1-0"]
[WhiteElo "1833"]
[BlackElo "1442"]
[PlyCount "73"]
[EventDate "2014.06.20"]
[EventType "tourn"]
[EventRounds "7"]
[EventCountry "HUN"]
[SourceTitle "EXT 2024"]
[Source "ChessBase"]
[SourceDate "2023.10.10"]
[SourceVersion "1"]
[SourceVersionDate "2023.10.10"]
[SourceQuality "1"]

1. e4 e5 2. Nf3 Nc6 3. d4 exd4 4. Nxd4 Bc5 5. Nxc6 bxc6 6. Nc3 d6 7. Be2 Qh4 8. 0-0 Nf6 9. Bf3 Ng4 10. Bxg4 Bxg4 11. Qd3 Qh5 12. Be3 Bb6 13. Bxb6 axb6 14. Qc4 Bd7 15. a3 0-0 16. Rad1 Qg6 17. Kh1 Ra5 18. Ne2 Rg5 19. Ng3 h5 20. f4 Rc5 21. Qd3 h4 22. b4 Rxc2 23. Qxc2 hxg3 24. hxg3 Qxg3 25. Qd3 Qxd3 26. Rxd3 c5 27. Rc1 Bb5 28. Rdd1 c4 29. Rd5 Bc6 30. Rd4 b5 31. a4 f6 32. axb5 Bxb5 33. Ra1 Rd8 34. Ra5 c6 35. Kg1 Kf7 36. Ra7+ Kg6 37. g4 1-0

[Event "HUN-ch U14 Girls"]
[Site "Balatonlelle"]
[Date "2014.06.23"]
[Round "3"]
[White "Erseki, Tamara"]
[Black "Nemeth, Noemi Anna"]
[Result "1-0"]
[WhiteElo "1671"]
[BlackElo "1442"]
[PlyCount "97"]
[EventDate "2014.06.20"]
[EventType "tourn"]
[EventRounds "7"]
[EventCountry "HUN"]
[SourceTitle "EXT 2024"]
[Source "ChessBase"]
[SourceDate "2023.10.10"]
[SourceVersion "1"]
[SourceVersionDate "2023.10.10"]
[SourceQuality "1"]

1. e4 c5 2. Nf3 Nc6 3. d4 cxd4 4. Nxd4 Qb6 5. Nb3 Nf6 6. Nc3 e6 7. Be3 Qc7 8. a3 a6 9. Be2 Be7 10. Qd2 d6 11. 0-0-0 b5 12. Bxb5 axb5 13. Nxb5 Qb8 14. Nxd6+ Qxd6 15. Qxd6 Bxd6 16. Rxd6 Ne5 17. Rhd1 Bb7 18. f3 Nc4 19. R6d3 Nxe4 20. fxe4 Bxe4 21. Rc3 Nxe3 22. Rxe3 Bxg2 23. Rg3 Be4 24. Nc5 Bg6 25. b4 Ke7 26. Rd7+ Kf6 27. Rd4 Ke5 28. Rgg4 Kf5 29. h4 Kf6 30. Rgf4+ Bf5 31. Nd7+ Ke7 32. Ne5 f6 33. Nc6+ Kf7 34. Rd7+ Ke8 35. Rxg7 Rxa3 36. Rd4 Ra8 37. Rdd7 Bg6 38. Rge7+ Kf8 39. Rxe6 f5 40. Rf6+ Kg8 41. Ne5 Rc8 42. Nxg6 hxg6 43. Rxg6+ Kf8 44. Rf6+ Ke8 45. Rd4 Rh5 46. Rg6 Kf7 47. Ra6 Rch8 48. Rd7+ Ke8 49. Rb7 1-0

[Event "HUN-ch U14 Girls"]
[Site "Balatonlelle"]
[Date "2013.06.21"]
[Round "1"]
[White "Nemeth, Noemi Anna"]
[Black "Giczi, Alexandra Laura"]
[Result "0-1"]
[WhiteElo "1444"]
[BlackElo "1452"]
[PlyCount "96"]
[EventDate "2013.??.??"]
[EventType "tourn"]
[EventRounds "9"]
[EventCountry "HUN"]
[SourceTitle "EXT 2014"]
[Source "ChessBase"]
[SourceDate "2013.11.20"]
[SourceVersion "1"]
[SourceVersionDate "2013.11.20"]
[SourceQuality "1"]

1. e4 e6 2. d4 d5 3. Nc3 Nf6 4. e5 Nfd7 5. f4 a6 6. Nf3 c5 7. Be3 Nc6 8. Qd2 Be7 9. h4 b5 10. g4 cxd4 11. Bxd4 Nxd4 12. Qxd4 Bc5 13. Qd3 Qb6 14. Rh2 f6 15. Re2 Bb7 16. 0-0-0 0-0-0 17. exf6 Nxf6 18. Ne5 Rhf8 19. f5 Ne4 20. Bg2 exf5 21. gxf5 Qh6+ 22. Kb1 Qxh4 23. Qh3 Qxh3 24. Bxh3 Nxc3+ 25. bxc3 Rf6 26. Ng4 Rfd6 27. f6 gxf6 28. Nxf6+ Kb8 29. Nxh7 d4 30. cxd4 Bf3 31. Rde1 Bxe2 32. dxc5 Rd1+ 33. Rxd1 Rxd1+ 34. Kb2 Rd5 35. Nf6 Rg5 36. c3 Kc7 37. Kb3 Rxc5 38. Ne4 Rh5 39. Bd7 Rh4 40. Nf6 Bc4+ 41. Ka3 Rh2 42. Kb4 Rxa2 43. Bg4 a5+ 44. Kc5 a4 45. Nd5+ Bxd5 46. Kxd5 Kb6 47. Be6 Rd2+ 48. Ke4 Re2+ 0-1

[Event "Fejer County-chT 1213"]
[Site "Fejer Region"]
[Date "2012.12.22"]
[Round "1.26"]
[White "Ambrus, Bence"]
[Black "Nemeth, Noemi Anna"]
[Result "1-0"]
[WhiteElo "1582"]
[BlackElo "1463"]
[PlyCount "65"]
[EventDate "2012.11.03"]
[EventType "team-tourn"]
[EventRounds "7"]
[EventCountry "HUN"]
[SourceTitle "EXT 2019"]
[Source "ChessBase"]
[SourceDate "2018.10.10"]
[SourceVersion "1"]
[SourceVersionDate "2018.10.10"]
[SourceQuality "1"]
[WhiteTeam "Kiraly Sakk"]
[BlackTeam "Dunaujvaros Decs IV"]
[WhiteTeamCountry "HUN"]
[BlackTeamCountry "HUN"]

1. f4 Nf6 2. g3 g6 3. Bg2 Bg7 4. d4 d6 5. Nf3 c5 6. e3 Nc6 7. c3 cxd4 8. exd4 0-0 9. 0-0 Ng4 10. Na3 e5 11. dxe5 dxe5 12. fxe5 Ncxe5 13. Bf4 Bf6 14. Nxe5 Qxd1 15. Raxd1 Bxe5 16. Nc4 Bxf4 17. Rxf4 b5 18. Bxa8 bxc4 19. Bd5 Ne3 20. Rd2 Kg7 21. Bxc4 f5 22. Re2 Ng4 23. Re7+ Kf6 24. Rxa7 Ne5 25. Kg2 g5 26. Rd4 Nc6 27. Rd6+ Ke5 28. Rxc6 Re8 29. Ra5+ Ke4 30. Bf7 Re7 31. Bd5+ Kd3 32. Bc4+ Kc2 33. Rxc8 1-0

[Event "Fejer County-chT 1213"]
[Site "Fejer Region"]
[Date "2012.12.08"]
[Round "3.20"]
[White "Nemeth, Noemi Anna"]
[Black "Labancz, Janos"]
[Result "0-1"]
[WhiteElo "1463"]
[BlackElo "1702"]
[PlyCount "66"]
[EventDate "2012.11.03"]
[EventType "team-tourn"]
[EventRounds "7"]
[EventCountry "HUN"]
[SourceTitle "EXT 2019"]
[Source "ChessBase"]
[SourceDate "2018.10.10"]
[SourceVersion "1"]
[SourceVersionDate "2018.10.10"]
[SourceQuality "1"]
[WhiteTeam "Dunaujvaros Decs IV"]
[BlackTeam "Etyek"]
[WhiteTeamCountry "HUN"]
[BlackTeamCountry "HUN"]

1. e4 d6 2. d4 Nf6 3. Nc3 g6 4. f4 Bg7 5. Be3 0-0 6. Bd3 c6 7. Qd2 Ng4 8. h3 Nxe3 9. Qxe3 b5 10. a3 Qb6 11. b4 Bxd4 12. Qd2 Bxg1 13. g4 Be3 14. Qh2 Bd4 15. Qd2 a5 16. Ke2 axb4 17. axb4 Rxa1 18. Rxa1 Nd7 19. f5 Ne5 20. Qg5 f6 21. Qd2 Bb7 22. Rf1 g5 23. Nd1 Qa7 24. c3 Bb6 25. Qb2 Ra8 26. Qb3+ Kg7 27. Bb1 Nc4 28. h4 h6 29. hxg5 hxg5 30. Nf2 Qa3 31. Qxa3 Rxa3 32. Kd3 Ra1 33. Nh3 Na3 0-1

[Event "HUN-ch U12 Girls"]
[Site "Balatonlelle"]
[Date "2012.06.29"]
[Round "8"]
[White "Erseki, Tamara"]
[Black "Nemeth, Noemi Anna"]
[Result "1-0"]
[WhiteElo "1586"]
[BlackElo "1489"]
[PlyCount "69"]
[EventDate "2012.06.22"]
[EventType "tourn"]
[EventRounds "9"]
[EventCountry "HUN"]
[SourceTitle "EXT 2014"]
[Source "ChessBase"]
[SourceDate "2013.11.20"]
[SourceVersion "1"]
[SourceVersionDate "2013.11.20"]
[SourceQuality "1"]

1. e4 e5 2. Nf3 Nc6 3. d4 exd4 4. Nxd4 Bc5 5. Be3 Qf6 6. c3 Nge7 7. Bc4 b6 8. 0-0 0-0 9. f4 d5 10. e5 Nxe5 11. fxe5 Qxe5 12. Bf4 Qf6 13. Be2 c6 14. Kh1 Nf5 15. Nxf5 Bxf5 16. Nd2 d4 17. Nf3 dxc3 18. Be5 c2 19. Qd2 Qe7 20. Qf4 Qd7 21. Nh4 Bg6 22. Nxg6 hxg6 23. Rac1 f6 24. Bc4+ Rf7 25. Bxf7+ Kxf7 26. Rxc2 Kg8 27. Qc4+ Kh7 28. Rc3 g5 29. Qe4+ Kg8 30. Bg3 Re8 31. Qc4+ Kh7 32. Qd3+ Qxd3 33. Rxd3 f5 34. Rxf5 g4 35. h3 1-0

[Event "HUN-ch U12 Girls"]
[Site "Celldoemoelk"]
[Date "2011.07.02"]
[Round "6"]
[White "Nemeth, Noemi Anna"]
[Black "Adzic, Anna"]
[Result "1/2-1/2"]
[WhiteElo "1457"]
[BlackElo "1531"]
[PlyCount "138"]
[EventDate "2011.06.27"]
[EventType "tourn"]
[EventRounds "7"]
[EventCountry "HUN"]
[SourceTitle "EXT 2012"]
[Source "ChessBase"]
[SourceDate "2011.11.24"]
[SourceVersion "1"]
[SourceVersionDate "2011.11.24"]
[SourceQuality "1"]

1. e4 c5 2. Nf3 a6 3. d4 cxd4 4. Nxd4 e6 5. Nc3 Qc7 6. g3 b5 7. Bg2 Bb7 8. 0-0 Nf6 9. Re1 d6 10. a4 b4 11. Na2 a5 12. c3 bxc3 13. e5 dxe5 14. Nb5 Qe7 15. Naxc3 Bxg2 16. Kxg2 Nc6 17. b3 Rd8 18. Qf3 Nd4 19. Nxd4 exd4 20. Nb5 Qd7 21. Bb2 Bc5 22. Rac1 Qe7 23. Qc6+ Nd7 24. Nxd4 Bxd4 25. Bxd4 0-0 26. Bc5 Nxc5 27. Qxc5 Qb7+ 28. Kg1 Qxb3 29. Qxa5 Ra8 30. Rc3 Rxa5 31. Rxb3 Rxa4 32. Reb1 g6 33. Rb7 Rfa8 34. Rb8+ Rxb8 35. Rxb8+ Kg7 36. Rb7 Ra1+ 37. Kg2 Ra2 38. h4 Kf6 39. Kf3 Rd2 40. g4 e5 41. g5+ Ke6 42. Rb6+ Rd6 43. Rxd6+ Kxd6 44. Ke4 Ke6 45. f4 exf4 46. Kxf4 Kd5 47. Ke3 Ke5 48. Kf3 Kf5 49. Kg3 f6 50. gxf6 Kxf6 51. Kf4 Kf7 52. Kg5 Kg7 53. h5 Kf7 54. Kf4 Kf6 55. hxg6 hxg6 56. Kg4 g5 57. Kg3 Kf5 58. Kf3 g4+ 59. Kg3 Kg5 60. Kg2 Kh4 61. Kh2 Kh5 62. Kg3 Kg5 63. Kg2 Kf5 64. Kg3 Kg5 65. Kg2 Kf4 66. Kf2 g3+ 67. Kg2 Kg4 68. Kg1 Kf3 69. Kf1 Kf4 1/2-1/2